[Event "Capablanca mem-B"]
[Site "Cienfuegos"]
[Date "1991.??.??"]
[Round "4"]
[White "Garcia Martinez, Silvino"]
[Black "Damaso, Rui"]
[Result "1/2-1/2"]
[WhiteElo "2370"]
[BlackElo "2390"]

1.e4 c5 2.Nf3 d6 3.d4 cxd4 4.Nxd4 Nf6 5.Nc3 Nc6 6.Bg5 e6 7.Qd2 a6 8.O-O-O h6
9.Be3 Nxd4 10.Bxd4 b5 11.f4 b4 12.Bxf6 gxf6 13.Ne2 Qb6 14.Ng3 Bb7 15.Bc4 O-O-O
16.Qe2 Kb8 17.f5 d5 18.Bb3 h5 19.fxe6 fxe6 20.Nxh5 dxe4 21.Nxf6 Bd6 22.Kb1 Ka7
23.Nxe4 Bxh2 24.Ng5 Bg3 25.Rxh8 Rxh8 26.Nxe6 Rh2 27.Nd8 Rxg2 28.Qd3 Rg1 29.Nxb7 Rxd1+
30.Qxd1 Kxb7 31.a4 bxa3 32.bxa3 Qc5 33.a4 Be5 34.Qd7+ Kb6 35.Qd8+  1/2-1/2

[Event "Capablanca mem-C"]
[Site "Cienfuegos"]
[Date "1991.??.??"]
[Round "5"]
[White "Ochoa de Echaguen, F Javier"]
[Black "Gonzalez, JC."]
[Result "1/2-1/2"]
[WhiteElo "2390"]
[BlackElo "2375"]

1.e4 c5 2.Nf3 Nc6 3.d4 cxd4 4.Nxd4 Nf6 5.Nc3 d6 6.Bg5 a6 7.Qd2 e6 8.O-O-O Bd7
9.f4 b5 10.Bxf6 gxf6 11.Nxc6 Bxc6 12.Qe3 Qb8 13.Nd5 Bg7 14.Qc3 Bxd5 15.exd5 O-O
16.dxe6 fxe6 17.f5 exf5 18.Qh3 d5 19.g3 Qe5 20.Bd3 Rfe8 21.Bxf5 h6 22.Qg4 a5
23.Qf3  1/2-1/2

[Event "Capablanca mem-B"]
[Site "Cienfuegos"]
[Date "1991.??.??"]
[Round "10"]
[White "Diaz, Joaquin C"]
[Black "Otero, Evelio"]
[Result "1-0"]
[WhiteElo "2430"]
[BlackElo "2390"]

1.e4 c5 2.Nf3 Nc6 3.d4 cxd4 4.Nxd4 Nf6 5.Nc3 d6 6.Bg5 Bd7 7.Be2 Qa5 8.Bxf6 gxf6
9.O-O Nxd4 10.Qxd4 Qc5 11.Qxc5 dxc5 12.Nd5 Kd8 13.Rad1 Kc8 14.Rfe1 h5 15.Rd2 Bc6
16.Nc3 e6 17.Red1 Bh6 18.Rd3 Bf4 19.Bxh5 Bxh2+ 20.Kf1 Be5 21.Bxf7 Kc7 22.Bxe6 Bxc3
23.Rxc3 Rae8 24.Bh3 Bxe4 25.Rxc5+ Kb6 26.Rc3 Bc6 27.Rd6 f5 28.Rf6 Rhf8 29.Rxf8 Rxf8
30.g3 f4 31.gxf4 Rxf4 32.Bg2 Bb5+ 33.Ke1 a5 34.Rf3 Rg4 35.Rg3 Rf4 36.Rg6+ Bc6
37.Ke2 a4 38.b3 Rd4 39.Bxc6 bxc6  1-0

[Event "Capablanca mem-C"]
[Site "Cienfuegos"]
[Date "1991.??.??"]
[Round "13"]
[White "Leyva, Hector"]
[Black "Gonzalez, JC."]
[Result "1/2-1/2"]
[WhiteElo "2380"]
[BlackElo "2375"]

1.e4 c5 2.Nf3 Nc6 3.d4 cxd4 4.Nxd4 Nf6 5.Nc3 d6 6.Bg5 e6 7.Qd2 a6 8.O-O-O Bd7
9.f4 b5 10.Nxc6 Bxc6 11.Bd3 Be7 12.h3 Qc7  1/2-1/2

[Event "Copenhagen op"]
[Site "Copenhagen"]
[Date "1991.??.??"]
[Round "2"]
[White "Nielsen, Peter Heine"]
[Black "Stefansson, Hannes"]
[Result "0-1"]
[WhiteElo "2365"]
[BlackElo "2450"]

1.e4 c5 2.Nf3 d6 3.d4 cxd4 4.Nxd4 Nf6 5.Nc3 Nc6 6.Bg5 Bd7 7.Be2 Qa5 8.Bxf6 gxf6
9.O-O Nxd4 10.Qxd4 Rc8 11.Qd3 e6 12.Kh1 Qb6 13.Rab1 h5 14.f4 Be7 15.f5 Qc5
16.Qg3 h4 17.Qg7 Rf8 18.Qh6 Kd8 19.Qxh4 Kc7 20.Qf2 Qa5 21.a4 Kb8 22.Bb5 Rfd8
23.Bxd7 Rxd7 24.Nb5 Rc4 25.Qe2 Rxa4 26.c4 a6 27.Nc3 Rb4 28.b3 Rb6 29.Qf3 Qe5
30.Ne2 d5 31.exd5 exd5 32.Rfd1 d4 33.Rd3 Bc5 34.Rbd1 a5 35.Nf4 a4 36.bxa4 Rb4
37.Qf2 Bd6 38.Rxd4 Bc5 39.Rd5  0-1

[Event "Cordoba op"]
[Site "Cordoba"]
[Date "1991.??.??"]
[Round "?"]
[White "Cruz Gomez, R."]
[Black "Tukmakov, Vladimir B"]
[Result "0-1"]
[WhiteElo "2240"]
[BlackElo "2520"]

1.e4 c5 2.Nf3 d6 3.d4 cxd4 4.Nxd4 Nf6 5.Nc3 Nc6 6.Bg5 e6 7.Qd2 a6 8.O-O-O Bd7
9.Nb3 b5 10.f3 b4 11.Ne2 h6 12.Be3 Be7 13.h4 a5 14.Nbd4 Ne5 15.Nf4 h5 16.Nb5 Bxb5
17.Bxb5+ Ned7 18.Qf2 a4 19.e5 dxe5 20.Rxd7 Nxd7 21.Rd1 exf4 22.Bb6 Qc8 23.Rxd7 Qxd7
24.Qe2 Rc8 25.Bxd7+ Kxd7 26.Qb5+ Rc6 27.Ba5 Rc8 28.Qxa4 e5 29.Qb5 Ke6 30.c3 Rc5
31.Qb7 bxc3 32.Bxc3 Bxh4 33.a4 Be1 34.Qb3+ Kf6 35.Kd1 Bxc3 36.bxc3  0-1

[Event "Corfu op"]
[Site "Corfu"]
[Date "1991.??.??"]
[Round "5"]
[White "Kotronias, Vasilios"]
[Black "Andrianov, Nikolai"]
[Result "1-0"]
[WhiteElo "2520"]
[BlackElo "2445"]

1.e4 c5 2.Nf3 Nc6 3.d4 cxd4 4.Nxd4 Nf6 5.Nc3 d6 6.Bg5 e6 7.Qd2 h6 8.Bxf6 gxf6
9.O-O-O a6 10.f4 Qb6 11.Nf3 Bd7 12.Bd3 O-O-O 13.Kb1 Kb8 14.Rhf1 Rc8 15.f5 Rc7
16.Ne2 Nb4 17.fxe6 fxe6 18.c3 Nxd3 19.Qxd3 Be7 20.Nfd4 Rhc8 21.Ka1 e5 22.Nf5 Bb5
23.Qd2 d5 24.exd5 Bc5 25.Neg3 Bxf1 26.Rxf1 Qb5 27.Re1 Qd7 28.Rf1 b5 29.Ne4 b4
30.c4 a5 31.d6 Rc6 32.Qd5 Bb6 33.b3 Bd8 34.c5 a4 35.g4 Qa7 36.Rc1 axb3 37.Qxb3 Ka8
38.Rc4 Rb8 39.Ne3 Ra6 40.Nc2 Ra4 41.c6 Ra3 42.Nxa3 bxa3 43.Qd1 Qa6 44.Ra4 Ba5
45.c7  1-0

[Event "DEN-ch"]
[Site "DEN"]
[Date "1991.??.??"]
[Round "3"]
[White "Berg, Klaus"]
[Black "Hansen, Lars Bo"]
[Result "1/2-1/2"]
[WhiteElo "2420"]
[BlackElo "2525"]

1.Nf3 c5 2.e4 Nc6 3.d4 cxd4 4.Nxd4 Nf6 5.Nc3 d6 6.Bg5 e6 7.Qd2 a6 8.O-O-O Bd7
9.Be2 Be7 10.f4 O-O 11.Bf3 Qc7 12.Rhe1 Nxd4 13.Qxd4 Bc6 14.e5 dxe5 15.fxe5 Rfd8
16.Qe3 Nd5 17.Bxd5 Bxd5 18.Nxd5 Rxd5 19.Rxd5 exd5 20.Bxe7 Qxe7 21.e6 Rf8
22.exf7+  1/2-1/2

[Event "Dortmund op"]
[Site "Dortmund"]
[Date "1991.??.??"]
[Round "6"]
[White "Dvoirys, Semen I"]
[Black "Blasek, Ralph"]
[Result "1-0"]
[WhiteElo "2560"]
[BlackElo "2330"]

1.e4 c5 2.Nf3 d6 3.d4 cxd4 4.Nxd4 Nf6 5.Nc3 Nc6 6.Bg5 Qa5 7.Bb5 Bd7 8.Bxf6 gxf6
9.Qh5 Qb4 10.Nb3 d5 11.exd5 Ne5 12.Bxd7+ Nxd7 13.O-O Rg8 14.f4 Rg6 15.Kh1 Bg7
16.Rae1 Kf8 17.Re4 Qb6 18.Qe2 Re8 19.Re1 Kg8 20.Qb5 Qxb5 21.Nxb5 Nb6 22.Rxe7 Rxe7
23.Rxe7 Nxd5 24.Re8+ Bf8 25.g3 f5 26.N5d4 Ne7 27.Rb8 b6 28.Ra8 a5 29.Nd2 Rd6
30.c3 Nc6 31.Nc4 Rf6 32.Nxb6 Nxd4 33.Nd7 Rd6 34.Nxf8  1-0

[Event "Eger op"]
[Site "Eger"]
[Date "1991.??.??"]
[Round "?"]
[White "Krockenberger, Martin"]
[Black "Feher, Gyula"]
[Result "1/2-1/2"]
[WhiteElo "2315"]
[BlackElo "2375"]

1.e4 c5 2.Nf3 Nc6 3.d4 cxd4 4.Nxd4 Nf6 5.Nc3 d6 6.Bg5 e6 7.Qd2 Be7 8.O-O-O O-O
9.Nb3 Qb6 10.f3 Rd8 11.Kb1 a6 12.Be3 Qc7 13.Qf2 Nd7 14.h4 b5 15.h5 Nce5 16.g4 Bb7
17.g5 b4 18.Na4 d5 19.Nb6 dxe4 20.Nxa8 Rxa8 21.fxe4 Bxe4 22.Rh4 Bf3  1/2-1/2

[Event "Eger op"]
[Site "Eger"]
[Date "1991.??.??"]
[Round "?"]
[White "Zezulkin, Jurij"]
[Black "Berntsen, Peter"]
[Result "1-0"]
[WhiteElo "2385"]
[BlackElo "2230"]

1.e4 c5 2.Nf3 Nc6 3.d4 cxd4 4.Nxd4 Nf6 5.Nc3 d6 6.Bg5 e6 7.Qd2 Be7 8.O-O-O O-O
9.Nb3 a6 10.Bxf6 Bxf6 11.Qxd6 Bxc3 12.bxc3 Qf6 13.Qg3 e5 14.Bc4 Be6 15.Bxe6 Qxe6
16.Rd5 a5 17.a4 f5 18.Nc5 Qh6+ 19.Qe3 f4 20.Qd2 Rf7 21.f3 Qg5 22.Rd1 Qe7
23.Qd3 Na7 24.Qc4 b6 25.Rd7 Qe8 26.Nb7 Rc8 27.Qb3 Kf8 28.Qa3+ Kg8 29.Rxf7 Qxf7
30.Nd6 Qe7 31.Qb3+ Kf8 32.Nxc8 Nxc8 33.Qc4 Qa3+ 34.Kb1 Nd6 35.Qe6 Qxc3 36.Qxd6+ Kf7
37.Qd7+ Kf8 38.Qf5+  1-0

[Event "Espoo op"]
[Site "Espoo"]
[Date "1991.??.??"]
[Round "7"]
[White "Ebeling, Mika"]
[Black "Petkevich, Jusefs"]
[Result "0-1"]
[WhiteElo "2275"]
[BlackElo "2445"]

1.e4 c5 2.Nf3 d6 3.d4 cxd4 4.Nxd4 Nf6 5.Nc3 Nc6 6.Bg5 e6 7.Qd2 h6 8.Bxf6 gxf6
9.O-O-O a6 10.f4 h5 11.g3 Bd7 12.Kb1 Qc7 13.f5 Nxd4 14.Qxd4 Be7 15.Bh3 Qc5
16.Ne2 Qxd4 17.Nxd4 e5 18.Ne2 Rc8 19.Nc3 Rc5 20.Bg2 h4 21.g4 Bc6 22.Rd3 Kf8
23.Rhd1 Kg7 24.h3 Rc8 25.R1d2 b5 26.a3 Bb7 27.Kc1 Kg8 28.Kb1 Rc4 29.Nd5 Bxd5
30.Rxd5 Kf8 31.c3 Ke8 32.Rd1 Bf8 33.Bf3 Be7 34.Bg2 Kf8 35.Bf3 Kg7 36.Bg2 Kh6
37.Rf1 Kg5 38.Rf2 R4c5 39.Rd3 a5 40.Rd1 b4 41.axb4 axb4 42.cxb4 Rb5 43.Rfd2 Rxb4
44.Rd3 Rcb8 45.R1d2 Bd8 46.Rxd6 Bb6 47.Rc6 Bd4 48.Rcc2 Rb3 49.Re2 Kf4 50.Bf1 Rf3
51.Bg2 Rd3 52.Rc1 Kg3 53.Bf1 Rf3 54.Rd1 Rfb3 55.Rdd2 Kf4 56.Bg2 R8b4 57.Rc2 Kg3
58.Bf1 Rf3 59.Re1 Rf2 60.Rd1 Rxb2+ 61.Rxb2 Rxb2+ 62.Kc1 Rf2 63.Re1  0-1

[Event "EST-FIN m"]
[Site "EST"]
[Date "1991.??.??"]
[Round "1"]
[White "Westerinen, Heikki MJ"]
[Black "Veingold, Aleksandr"]
[Result "1/2-1/2"]
[WhiteElo "2410"]
[BlackElo "2465"]

1.e4 c5 2.Nf3 d6 3.d4 cxd4 4.Nxd4 Nf6 5.Nc3 Nc6 6.Bg5 e6 7.Bb5 Bd7 8.Bxc6 bxc6
9.Qf3 h6 10.Bh4 Qb6 11.O-O-O Be7 12.Nb3  1/2-1/2

[Event "Gausdal Int"]
[Site "Gausdal"]
[Date "1991.??.??"]
[Round "2"]
[White "Thorhallsson, Throstur"]
[Black "Kotronias, Vasilios"]
[Result "1/2-1/2"]
[WhiteElo "2425"]
[BlackElo "2550"]

1.e4 c5 2.Nf3 d6 3.d4 cxd4 4.Nxd4 Nf6 5.Nc3 Nc6 6.Bg5 e6 7.Qd2 Be7 8.O-O-O O-O
9.f4 Nxd4 10.Qxd4 Qa5 11.Bc4 Bd7 12.e5 dxe5 13.fxe5 Bc6 14.Bd2 Nd7 15.Nd5 Qd8
16.Nxe7+ Qxe7 17.Rhe1 Rfc8 18.Qg4  1/2-1/2

[Event "Peer Gynt"]
[Site "Gausdal"]
[Date "1991.??.??"]
[Round "2"]
[White "Stefansson, Hannes"]
[Black "Groenn, Atle"]
[Result "1-0"]
[WhiteElo "2470"]
[BlackElo "2320"]

1.e4 c5 2.Nf3 Nc6 3.d4 cxd4 4.Nxd4 Nf6 5.Nc3 d6 6.Bg5 e6 7.Qd2 a6 8.O-O-O h6
9.Be3 Nxd4 10.Bxd4 b5 11.f3 Qa5 12.Kb1 b4 13.Ne2 e5 14.Bf2 Be6 15.Nc1 d5
16.Nb3 Qc7 17.exd5 Nxd5 18.Bg3 Bd6 19.Bd3 Rd8 20.Bh4 Be7 21.Bxe7 Kxe7 22.Rhe1 a5
23.Qf2 Nf4 24.Nc5 Rd5 25.Nxe6 Nxe6 26.Qh4+ g5 27.Qg4 Qd6 28.Rc1 Rc8 29.Bf5 Rd4
30.Qg3 Rc5 31.Rh1 Nf4 32.Qf2 Rd2 33.Qf1 Nxg2 34.Be4 Nf4 35.h4 Ne2 36.hxg5 hxg5
37.Rd1 Ng3 38.Rxd2 Qxd2 39.Qg1 Nxh1 40.Qxc5+ Kd8 41.Qxa5+ Kd7 42.Bf5+ Kc6
43.Qa6+ Kc7 44.Qa7+ Kc6 45.Be4+ Kd6 46.a4 Ng3 47.Qb6+ Ke7 48.Qb7+ Kf6 49.Bd5 e4
50.Qxf7+ Ke5 51.Qg7+ Kd6 52.Bxe4 Ne2 53.Qf6+ Kd7 54.Qf7+ Kd6 55.Qf8+ Ke5
56.Qb8+ Kf6 57.Qh8+ Ke6 58.Qh6+ Ke5 59.Qh2+ Ke6 60.Qh1 Ke5 61.a5 g4 62.a6 g3
63.a7 g2 64.f4+ Kxf4 65.Bxg2  1-0

[Event "Arnold Cup"]
[Site "Gausdal"]
[Date "1991.??.??"]
[Round "3"]
[White "Jansa, Vlastimil"]
[Black "Formanek, Edward W"]
[Result "1/2-1/2"]
[WhiteElo "2495"]
[BlackElo "2290"]

1.e4 c5 2.Nf3 d6 3.d4 cxd4 4.Nxd4 Nf6 5.Nc3 Nc6 6.Bg5 e6 7.Qd2 a6 8.O-O-O Bd7
9.f4 h6 10.Bh4 Nxe4 11.Qe1 g5 12.Nxe4 Nxd4 13.fxg5 Nf5 14.Nf6+ Ke7 15.Nd5+ Ke8
16.Nf6+ Ke7 17.Bf2 Bc6 18.Bd3 hxg5 19.Bxf5 Kxf6 20.Bd4+ Kxf5 21.Bxh8 Kg6
22.Qg3 Qa5 23.Kb1 Bd5 24.a3 Be4 25.Bc3 Qa4 26.Rd2 f5 27.h4 g4 28.h5+ Kh7
29.Qh4 Qe8 30.Qf6 e5 31.Rhd1 Be7 32.Qe6 Bf8 33.Qf6 Be7 34.Qe6 Bf8 35.Rxd6 Bxd6
36.Qxd6 Rc8 37.Rd2 Rc6 38.Qb4 Rc7 39.Qb6 Qc6 40.Qb3 Qc4 41.Qxc4 Rxc4 42.Bxe5 Kh6
43.b3 Rc5 44.Bf4+ Kxh5 45.Kb2 Rd5 46.Rxd5 Bxd5 47.g3 Kg6 48.c4 Be4 49.Kc3 Kf6
50.Kd4 Ke6 51.Kc5 Kd7 52.b4 Bc2 53.Kb6 Kc8 54.c5 Be4 55.a4 Bf3 56.b5 axb5
57.axb5 Be2 58.Be5  1/2-1/2

[Event "Gausdal Int"]
[Site "Gausdal"]
[Date "1991.??.??"]
[Round "4"]
[White "Lanka, Zigurds"]
[Black "Panchenko, Alexander N"]
[Result "1-0"]
[WhiteElo "2505"]
[BlackElo "2445"]

1.e4 c5 2.Nf3 d6 3.d4 cxd4 4.Nxd4 Nf6 5.Nc3 Nc6 6.Bg5 e6 7.Qd2 a6 8.O-O-O h6
9.Be3 Be7 10.f3 Qc7 11.g4 Bd7 12.h4 Ne5 13.Be2 O-O-O 14.g5 hxg5 15.hxg5 Nh5
16.Nf5 Bf8 17.f4 Nc4 18.Bxc4 Qxc4 19.Nxd6+ Bxd6 20.Qxd6 Qc7 21.Qe7 Rde8 22.Qxf7 Bc6
23.Qg6 Nxf4 24.Bxf4 Qxf4+ 25.Kb1 Qe5 26.a3 Kb8 27.Rdf1 Rxh1 28.Rxh1 Rf8 29.Rh7 Rf1+
30.Ka2 Rf2 31.Qxg7 Qc5 32.Qg8+ Ka7 33.Qxe6 Rxc2 34.Qb3 Rg2 35.Rg7 Qd4 36.Rg6 Be8
37.Rg8 Bf7 38.Qxf7 Qxc3 39.Qb3 Qxb3+ 40.Kxb3 Rg4 41.e5 Re4 42.g6 Rxe5 43.Rf8 Rg5
44.Rf6 Rg2 45.Kc3 a5 46.Kd4 Rxb2 47.Ke5 Rg2 48.Ke6 Kb6 49.Kf7+ Kb5 50.g7 Rxg7+
51.Kxg7 Ka4 52.Rb6  1-0

[Event "Peer Gynt"]
[Site "Gausdal"]
[Date "1991.??.??"]
[Round "5"]
[White "Kotronias, Vasilios"]
[Black "Panchenko, Alexander N"]
[Result "0-1"]
[WhiteElo "2550"]
[BlackElo "2445"]

1.e4 c5 2.Nf3 Nc6 3.d4 cxd4 4.Nxd4 Nf6 5.Nc3 d6 6.Bg5 e6 7.Qd2 a6 8.O-O-O h6
9.Bf4 Bd7 10.Nxc6 Bxc6 11.f3 d5 12.Qe1 Bb4 13.a3 Ba5 14.Bd2 Qe7 15.e5 Nd7
16.f4 b5 17.Ne2 Bxd2+ 18.Qxd2 Nc5 19.Nd4 Bd7 20.Bd3 O-O 21.Rhf1 Nxd3+ 22.Qxd3 b4
23.Rf3 a5 24.Rd2 Rab8 25.axb4 Rxb4 26.g3 Rfb8 27.c3 R4b6 28.Rff2 a4 29.Kd1 Bb5
30.Qe3 Bc4 31.f5 exf5 32.e6 fxe6 33.Nxf5 Qe8 34.Nd4 a3  0-1

[Event "Gausdal Int"]
[Site "Gausdal"]
[Date "1991.??.??"]
[Round "7"]
[White "Lanka, Zigurds"]
[Black "Groenn, Atle"]
[Result "1-0"]
[WhiteElo "2505"]
[BlackElo "2320"]

1.e4 c5 2.Nf3 Nc6 3.d4 cxd4 4.Nxd4 Nf6 5.Nc3 d6 6.Bg5 e6 7.Qd2 a6 8.O-O-O h6
9.Be3 Nxd4 10.Bxd4 b5 11.f3 Qa5 12.Kb1 b4 13.Bxf6 gxf6 14.Ne2 Qb6 15.Qf4 Be7
16.Qg3 Bf8 17.Nc1 Bb7 18.Bc4 O-O-O 19.Rhe1 Kb8 20.f4 h5 21.f5 Bc8 22.fxe6 fxe6
23.Qb3 Re8 24.Nd3 Rg8 25.Nf4 Rg5 26.Bxe6 Bxe6 27.Nxe6 Rxg2 28.Nf4 Rg4 29.Nd5  1-0

[Event "Troll Masters"]
[Site "Gausdal"]
[Date "1991.??.??"]
[Round "7"]
[White "Degerman, Lars"]
[Black "Nieminen, Kari"]
[Result "1/2-1/2"]
[WhiteElo "2405"]
[BlackElo "2210"]

1.e4 c5 2.Nf3 d6 3.d4 cxd4 4.Nxd4 Nf6 5.Nc3 Nc6 6.Bg5 e6 7.Qd2 Be7 8.O-O-O O-O
9.Nb3 Qb6 10.f3 Rd8 11.Kb1 a6 12.Be3 Qc7 13.Qf2 Nd7 14.g4 b5 15.g5 Rb8 16.h4 Nb6
17.Bd3 Na4 18.Ne2 Ne5 19.Bc1 Bd7 20.f4 Nxd3 21.Rxd3 Bc6 22.Ng3 b4 23.h5 d5
24.e5 Bb5 25.Rdd1 Bc4 26.g6 fxg6 27.hxg6 h6 28.Nh5 Bf8 29.Qh2 d4 30.Nf6+ Kh8
31.f5 d3 32.Bxh6 dxc2+ 33.Qxc2 gxh6  1/2-1/2

[Event "Gausdal Int"]
[Site "Gausdal"]
[Date "1991.??.??"]
[Round "8"]
[White "Westerinen, Heikki MJ"]
[Black "Lanka, Zigurds"]
[Result "1/2-1/2"]
[WhiteElo "2420"]
[BlackElo "2505"]

1.e4 c5 2.Nf3 Nc6 3.d4 cxd4 4.Nxd4 Nf6 5.Nc3 d6 6.Bg5 Bd7 7.Qd2 Nxd4 8.Qxd4 h6
9.Bxf6 gxf6 10.Bc4 Qa5 11.Qd5 Qxd5 12.Nxd5 O-O-O 13.O-O-O h5 14.h4 e6 15.Nxf6 Bc6
16.Be2 Be7 17.Nxh5 Bxe4 18.Rh2 Kb8 19.Ng3 Bc6 20.h5 f5 21.Bf3 d5 22.c4 Bg5+
23.Kc2 Rc8 24.Kb1 dxc4 25.Bxc6 Rxc6 26.Ne2 b5 27.Rhh1 a6 28.Rd7 b4 29.f4 Bf6
30.h6 e5 31.h7 Re8 32.Rf7 Bh8  1/2-1/2

[Event "Troll Masters"]
[Site "Gausdal"]
[Date "1991.??.??"]
[Round "8"]
[White "Jansa, Vlastimil"]
[Black "Reeh, Oliver"]
[Result "1-0"]
[WhiteElo "2495"]
[BlackElo "2470"]

1.e4 c5 2.Nf3 Nc6 3.d4 cxd4 4.Nxd4 Nf6 5.Nc3 d6 6.Bg5 e6 7.Qd2 Be7 8.O-O-O O-O
9.Nb3 Qb6 10.f3 Rd8 11.Be3 Qc7 12.Qf2 d5 13.exd5 Nxd5 14.Nxd5 Rxd5 15.Rxd5 exd5
16.a3 Bf6 17.g4 Be6 18.g5 Be5 19.Bd3 Rd8 20.Kb1 d4 21.Bd2 Bxb3 22.cxb3 Bf4
23.Bxh7+ Kxh7 24.Qh4+ Kg8 25.Qxf4 Qd7 26.Re1 Qd5 27.Ka2 d3 28.Re3 Na5 29.Qb4 b6
30.Qc3 Nc6 31.Qc4 Qd6 32.h4 g6 33.Qe4 a5 34.f4 Qd7 35.Re1 b5 36.Bc3 b4 37.Bf6 d2
38.Rd1 Qd5 39.Qxd5 Rxd5 40.Kb1 a4 41.bxa4 bxa3 42.Bc3  1-0

[Event "Peer Gynt"]
[Site "Gausdal"]
[Date "1991.??.??"]
[Round "9"]
[White "Dvoirys, Semen I"]
[Black "Lanka, Zigurds"]
[Result "1-0"]
[WhiteElo "2525"]
[BlackElo "2505"]

1.e4 c5 2.Nf3 Nc6 3.d4 cxd4 4.Nxd4 Nf6 5.Nc3 d6 6.Bg5 e6 7.Qd2 a6 8.O-O-O h6
9.Be3 Be7 10.f4 Bd7 11.h3 b5 12.Bd3 Nxd4 13.Bxd4 b4 14.Ne2 e5 15.Be3 Qa5
16.Kb1 O-O 17.g4 Rfd8 18.fxe5 dxe5 19.Ng3 Be6 20.b3 Ne8 21.Qf2 Nd6 22.Bb6 Qa3
23.Bxd8 Bxd8 24.Qc5 Nb5 25.Bxb5 axb5 26.Rxd8+ Rxd8 27.Qxe5 Ra8 28.Qb2 Rc8
29.Ne2 Qxb2+ 30.Kxb2 Rd8 31.Nf4 Rd4 32.Re1 Bd7 33.Nd5 h5 34.gxh5 Bxh3 35.Nxb4 Bg2
36.Kc3 Rxe4 37.Rxe4 Bxe4 38.Kd4 f5 39.a4 bxa4 40.bxa4 Kf7 41.a5 Ke6 42.c4 Kd6
43.c5+ Kc7 44.c6 Bf3 45.Kc5 f4 46.a6 Kb8 47.Kb6 Ka8 48.a7 Bxc6 49.Na6  1-0

[Event "Gelsenkirchen"]
[Site "Gelsenkirchen"]
[Date "1991.??.??"]
[Round "?"]
[White "Pichler, Juergen"]
[Black "Lendwai, Reinhard"]
[Result "1-0"]
[WhiteElo "2425"]
[BlackElo "2405"]

1.e4 c5 2.Nf3 Nc6 3.d4 cxd4 4.Nxd4 Nf6 5.Nc3 d6 6.Bg5 Bd7 7.Be2 e6 8.Ndb5 Qb8
9.a4 a6 10.Na3 Qc7 11.O-O Rc8 12.Qd2 h6 13.Be3 Na5 14.f3 Be7 15.Rfd1 O-O
16.Bf1 d5 17.exd5 exd5 18.Nxd5 Nxd5 19.Qxd5 Rfd8 20.Qe4 Bc6 21.Qg4 Bd7 22.Qe4 Bc6
23.Qg4 Bd7 24.Qd4 Bxa3 25.bxa3 Bf5 26.Qb4 Rxd1 27.Rxd1 Nc4 28.Bf2 Qc6 29.c3 a5
30.Qe7 Qc7 31.Qxc7 Rxc7 32.Rd5 Bc2 33.Bc5 Nb2 34.Bb6 Rc8 35.Bxa5 Nxa4 36.Rb5 Nxc3
37.Rxb7 Nd5 38.Rd7 Ne3 39.Ba6 Rc6 40.Bb7 Rg6 41.g3 Re6 42.Bb4 h5 43.Bc5 Nd1
44.Rd2 Ba4 45.Rd8+ Re8 46.Rxe8+ Bxe8 47.Bd4 Bb5 48.f4 h4 49.Bf3 Ba4 50.Kf1  1-0

[Event "BL2-N9091"]
[Site "Germany"]
[Date "1991.??.??"]
[Round "?"]
[White "Joecks, Christian"]
[Black "Kaminski, Uwe"]
[Result "1/2-1/2"]
[WhiteElo "2355"]
[BlackElo "2415"]

1.e4 c5 2.Nf3 d6 3.d4 cxd4 4.Nxd4 Nf6 5.Nc3 Nc6 6.Bg5 e6 7.Qd2 a6 8.O-O-O h6
9.Be3 Bd7 10.f4 Be7 11.Bd3 Ng4 12.Bg1 Nxd4 13.Bxd4 e5 14.Bg1 exf4 15.Nd5 Ne3
16.Nxe3 fxe3 17.Bxe3 Be6 18.Kb1 Bf6 19.Be2 Be5 20.g4 Qd7 21.Bd4 Qc6 22.Qe3 Rc8
23.Rd2 O-O 24.h4 f5 25.gxf5 Bxf5 26.Bd3 Bg4 27.Bxe5 dxe5 28.Be2 Rf4 29.Bxg4 Rxg4
30.Re2 Rf8 31.h5 Rff4 32.Rd1 Rxe4 33.Qb3+ Kh7 34.Rxe4 Qxe4 35.a3 b5 36.Rd8 Rg1+
37.Ka2 Qc4 38.Qxc4 bxc4 39.Rc8 Rg5 40.Rxc4 Rxh5 41.Rc6 g5 42.c4 g4 43.Rc7+ Kg6
44.c5 Rf5 45.Rc8 Kf7 46.c6 Ke7 47.Rh8 Kd6 48.Rxh6+ Kc7 49.Rg6 Rf4 50.Kb3 a5
51.Kc3 a4 52.Kd3 Rd4+ 53.Ke3 Rc4 54.Kd3 Rd4+ 55.Ke3 Rc4 56.Kd3 Rf4 57.Ke3  1/2-1/2

[Event "BL2-SW qual"]
[Site "Germany"]
[Date "1991.??.??"]
[Round "?"]
[White "Martinovic, Slobodan"]
[Black "Kozul, Zdenko"]
[Result "1-0"]
[WhiteElo "2430"]
[BlackElo "2580"]

1.e4 c5 2.Nf3 d6 3.d4 cxd4 4.Nxd4 Nf6 5.Nc3 Nc6 6.Bg5 e6 7.Qd2 a6 8.O-O-O Bd7
9.f3 Nxd4 10.Qxd4 Qa5 11.h4 Rc8 12.Kb1 Be7 13.g4 O-O 14.Qd2 Kh8 15.Bd3 e5
16.Qe1 Be6 17.a3 b5 18.Bd2 Qc7 19.h5 Nd7 20.Nd5 Bxd5 21.exd5 h6 22.f4 Rce8
23.g5 f5 24.gxf6 Nxf6 25.fxe5 dxe5 26.Bg6 Rb8 27.Ba5 Qd7 28.Qxe5 b4 29.d6 Bd8
30.Bxb4 Ng4 31.Qe7 Bxe7 32.dxe7 Qxd1+ 33.Rxd1 Rg8 34.Ba5 Nf6 35.Rd8 Rb7 36.Bb4 a5
37.Bd6 Rb6 38.Bf7  1-0

[Event "BL2-N9091"]
[Site "Germany"]
[Date "1991.??.??"]
[Round "?"]
[White "Putzbach, Gerd"]
[Black "Schirm, Friedmar"]
[Result "1-0"]
[WhiteElo "2310"]
[BlackElo "2275"]

1.e4 c5 2.Nf3 Nc6 3.d4 cxd4 4.Nxd4 Nf6 5.Nc3 d6 6.Bg5 e6 7.Qd2 Be7 8.O-O-O Nxd4
9.Qxd4 O-O 10.e5 dxe5 11.Qxe5 Bd7 12.Bb5 Qe8 13.f4 a6 14.Bxd7 Nxd7 15.Qc7 Bxg5
16.fxg5 Rd8 17.Ne4 Nb8 18.Rxd8 Qxd8 19.Qxb7 Qa5 20.a3 Qe5 21.g3 Nd7 22.Rd1 Nc5
23.Nxc5 Qxg5+ 24.Kb1 Qxc5 25.Qxa6 Qf2 26.Qd3 Qxh2 27.c4 e5 28.c5 Qg2 29.Qc3 e4
30.c6 e3 31.c7 e2 32.Re1 Qe4+ 33.Ka1 Qe6 34.Qc2 Rc8 35.Rxe2 Qd7 36.Re3 h5
37.Rc3 Qd5 38.Rc5 Qd6 39.Qc3 g6 40.b4 Qd1+ 41.Kb2 Qe2+ 42.Qc2 Qe3 43.Rc3 Qd4
44.Ka2 Qd5+ 45.Qb3 Qd2+ 46.Rc2 Qd6 47.Qc3 Qd5+ 48.Kb2 Qd7 49.Qe5 Kh7 50.b5 Qd1
51.b6 Qf3 52.Qf4 Qd5 53.Qc4 Qf3 54.Qc6 Qxg3 55.b7 Qe5+ 56.Ka2 Rxc7 57.Qxc7 Qd5+
58.Kb2 Qd4+ 59.Qc3 Qb6+ 60.Qb3 Qf6+ 61.Ka2 Kh6 62.b8=Q Kh7 63.Qb2  1-0

[Event "BL2-SW9091"]
[Site "Germany"]
[Date "1991.??.??"]
[Round "?"]
[White "Vatter, Hans Joachim"]
[Black "Osieka, Udo"]
[Result "1/2-1/2"]
[WhiteElo "2325"]
[BlackElo "2235"]

1.e4 c5 2.Nf3 d6 3.d4 cxd4 4.Nxd4 Nf6 5.Nc3 Nc6 6.Bg5 e6 7.Qd2 a6 8.O-O-O Bd7
9.f3 b5 10.Nxc6 Bxc6 11.Ne2 h6 12.Be3 e5 13.Ng3 Bd7 14.Kb1 Qc7 15.Rc1 Be6
16.f4 Be7 17.f5 Bc4 18.Bd3 Rd8  1/2-1/2

[Event "Graz"]
[Site "Graz"]
[Date "1991.??.??"]
[Round "2"]
[White "Luther, Thomas"]
[Black "Lendwai, Reinhard"]
[Result "1/2-1/2"]
[WhiteElo "2470"]
[BlackElo "2405"]

1.e4 c5 2.Nf3 Nc6 3.d4 cxd4 4.Nxd4 Nf6 5.Nc3 d6 6.Bg5 Bd7 7.Qd2 Rc8 8.O-O-O Nxd4
9.Qxd4 Qa5 10.Bd2 a6 11.a3 Qc7 12.f4 e5 13.Qd3 Be7 14.h3 Bc6 15.g4 O-O 16.Bg2 Rfd8
17.g5 Nd7 18.f5 Nc5 19.Qe2 b5 20.g6 Bf6 21.Qh5 h6 22.gxf7+ Kf8 23.Qg6 Ke7
24.Be3 Na4 25.Nxa4 bxa4 26.Rd2 Qb7 27.Qg4 Rb8 28.c3 Qb3 29.Qd1 Qxf7 30.Qc2 Qc4
31.Re1  1/2-1/2

[Event "Hamburg SKA"]
[Site "Hamburg"]
[Date "1991.??.??"]
[Round "?"]
[White "Maus, Soenke"]
[Black "Wirthensohn, Heinz"]
[Result "1-0"]
[WhiteElo "2400"]
[BlackElo "2460"]

1.e4 c5 2.Nf3 Nc6 3.d4 cxd4 4.Nxd4 Nf6 5.Nc3 d6 6.Bg5 e6 7.Qd2 Be7 8.O-O-O O-O
9.Nb3 a6 10.Bxf6 gxf6 11.Kb1 b5 12.f4 Kh8 13.f5 Ne5 14.Nd4 Qc7 15.Nce2 Nc4
16.Qh6 e5 17.Rd3 Rg8 18.Rh3 Rg7 19.Ng3 Bb7 20.Nh5 Rag8 21.Nxg7 Rxg7 22.Nf3 Bxe4
23.Bd3 Bxf3 24.gxf3 Qd8 25.Rg3 Bf8 26.Qh5 Qe7 27.Bxc4 bxc4 28.Rhg1 d5 29.Qh3 Qd8
30.Qh5 Qe7 31.c3 Rxg3 32.Rxg3 Bg7 33.Rh3 h6 34.Rg3 Qf8 35.Qg4 Kh7 36.Rg1 Bh8
37.Rd1 Qc5 38.h4 Bg7 39.Rg1 Qf8 40.Rd1 Qc5 41.Rg1 Qf8 42.h5 Kh8 43.Ka1 Kh7
44.Rd1 Qc5 45.Qg1 Qc6 46.Qg2 Bh8 47.f4 e4 48.Qd2 Qc7 49.Qxd5 e3 50.Re1  1-0

[Event "Hamburg-ch"]
[Site "Hamburg"]
[Date "1991.??.??"]
[Round "6"]
[White "Putzbach, Gerd"]
[Black "Stelting, Thorsten"]
[Result "1-0"]
[WhiteElo "2310"]
[BlackElo "2245"]

1.e4 c5 2.Nf3 Nc6 3.d4 cxd4 4.Nxd4 Nf6 5.Nc3 d6 6.Bg5 Bd7 7.Be2 Rc8 8.O-O Nxd4
9.Qxd4 Qa5 10.f4 Qc5 11.Rad1 e6 12.Qxc5 Rxc5 13.e5 dxe5 14.Bxf6 gxf6 15.Ne4 Bc6
16.Nxc5 Bxc5+ 17.Kh1 Rg8 18.Bf3 e4 19.Be2 f5 20.c3 e3 21.Rg1 a5 22.b3 Ke7
23.h4 e5 24.fxe5 Ke6 25.Kh2 f4 26.Rdf1 Kxe5 27.g3 Rd8 28.gxf4+ Kf6 29.Rd1 Bd6
30.Rd4 Ke7 31.Rg3 f5 32.Bf3 Bxf4 33.Rxf4 Rd2+ 34.Rg2 Rxg2+ 35.Kxg2 e2 36.Kf2  1-0

[Event "Hania op"]
[Site "Hania"]
[Date "1991.??.??"]
[Round "7"]
[White "Rogers, Ian"]
[Black "Kotronias, Vasilios"]
[Result "1/2-1/2"]
[WhiteElo "2250"]
[BlackElo "2520"]

1.e4 c5 2.Nf3 d6 3.d4 cxd4 4.Nxd4 Nf6 5.Nc3 Nc6 6.Bg5 e6 7.Qd2 Be7 8.O-O-O O-O
9.Nb3 Qb6 10.f3 Rd8 11.Be3 Qc7 12.Qf2 d5 13.exd5 Nxd5 14.Nxd5 Rxd5 15.Rxd5 exd5
16.g4 Be6 17.Kb1 Bf6 18.Bd3 Nb4 19.Bd4 Nxd3 20.cxd3 Bxd4 21.Nxd4 Qf4 22.h3 Bd7
23.Re1 Kf8 24.Qe3 Qxe3 25.Rxe3 f6 26.Kc2 Kf7 27.Kd2 Rc8 28.Re1 h5 29.gxh5 Bxh3
30.Nb5 Rc6 31.Nd4 Rc8 32.h6 g5 33.Nb5 Rh8 34.Nd6+ Kg6 35.Re7 Rxh6 36.Ke3 Rh4
37.Rxb7 d4+ 38.Kf2 Rf4 39.Kg3 Bf1 40.Rxa7 Bxd3 41.Re7 f5 42.Re6+ Kg7 43.b3 Rh4
44.Nc4 Rh1 45.Rd6 f4+ 46.Kg4 Rg1+ 47.Kh5 Bf5  1/2-1/2